La democracia en Guatemala. Contradicciones, límites y perspectivas/
Análisis del denominado 'proceso de democratización' o de 'apertura política', emprendido por los gobiernos militares 'de facto', a partir de 1982 en Guatemala. Examina los cambios ocurridos en los últimos cinco años. El análisis del problema de la democracia en Guatema...
Salvato in:
| Natura: | Libro |
|---|---|
| Lingua: | Spanish |
| Soggetti: | |
| Tags: |
Aggiungi Tag
Nessun Tag, puoi essere il primo ad aggiungerne!!
|
MARC
| LEADER | 00000nam a22000007a 4500 | ||
|---|---|---|---|
| 003 | cru IIS | ||
| 005 | 20220309152452.0 | ||
| 008 | 220309b |||||||| |||| 00| 0 spa d | ||
| 040 | |c cru IIS | ||
| 245 | 1 | 3 | |a La democracia en Guatemala. Contradicciones, límites y perspectivas/ |c Carlos A. Sarti |
| 300 | |a 29 páginas | ||
| 500 | |a Colección Centroamérica | ||
| 520 | |a Análisis del denominado 'proceso de democratización' o de 'apertura política', emprendido por los gobiernos militares 'de facto', a partir de 1982 en Guatemala. Examina los cambios ocurridos en los últimos cinco años. El análisis del problema de la democracia en Guatemala lo hace reflexionando alrededor de temas como: a-. la recapitulación histórica del sistema político, desde 1954 hasta la actualidad (establecimiento de la dictadura militar); b-. la crisis de la dictadura y los principales hechos políticos desde el golpe de estado de 1982; y, c-. análisis de las motivaciones, objetivos y rasgos principales de la estrategia militar (política estatal). FH/mb | ||
| 650 | 0 | |9 83 |a DEMOCRACIA | |
| 650 | 4 | |9 1849 |a DEMOCRATIZACION | |
| 650 | 0 | |9 67 |a SISTEMAS POLITICOS | |
| 650 | 0 | |9 131 |a DICTADURA | |
| 650 | 4 | |9 3253 |a POLITICA GUBERNAMENTAL | |
| 650 | 0 | |9 243 |a ESTADO | |
| 650 | 0 | |9 2869 |a REFORMA CONSTITUCIONAL | |
| 650 | 4 | |9 1918 |a PODER POLITICO | |
| 650 | 0 | |9 70 |a FUERZAS ARMADAS | |
| 651 | 0 | |9 142 |a GUATEMALA | |
| 773 | 0 | |0 18901 |9 6677 |a Universidad de Costa Rica. |d San José, Costa Rica CSUCA, 1986- |o MFN: 13284 |t Cuadernos de Investigación CSUCA / | |
| 942 | |2 ddc |c PP | ||
| 999 | |c 44128 |d 44128 | ||
